Countries of the World Languages - Statistics

General Stats
  • This quiz has been taken 15 times
  • The average score is 40 of 67
Answer Stats
Answer % Correct
English
100%
Chinese - Simplified
93%
Chinese - Traditional
93%
French
93%
German
93%
Greek
93%
Spanish
93%
Arabic
87%
Finnish
87%
Hindi
87%
Italian
87%
Japanese
87%
Korean
87%
Portuguese
87%
Swedish
87%
Turkish
87%
Danish
80%
Icelandic
80%
Norwegian
80%
Russian
80%
Croatian
73%
Czech
73%
Dutch
73%
Estonian
73%
Kazakh
73%
Latvian
73%
Lithuanian
73%
Polish
73%
Serbian
73%
Thai
73%
Vietnamese
73%
Armenian
67%
Bulgarian
67%
Hungarian
67%
Slovak
67%
Slovenian
67%
Ukrainian
67%
Albanian
60%
Georgian
60%
Indonesian
60%
Pashto
60%
Persian
60%
Romanian
60%
Uzbek
60%
Azerbaijani
53%
Belarusian
53%
Hebrew
53%
Urdu
53%
Tagalog
40%
Welsh
40%
Catalan
33%
Esperanto
33%
Latin
33%
Maltese
33%
Nepali
33%
Luxembourgish
27%
Maori
27%
Swahili
27%
Telugu
27%
Yiddish
27%
Romansh
20%
Samoan
13%
Galician
7%
Sorbian
7%
Venetian
7%
Gagauz
0%
Picard
0%
No matching quizzes found
Score Distribution
Percent of People with Each Score
Percentile by Number Answered
Your Score History
You have not taken this quiz